• 首页
  • 本馆介绍
  • 公告通知
  • 最新文献
  • 馆藏检索
  • 电子资源
  • 读者导购
  • 参考咨询
  • 我的图书馆
  • 登录
  • 详细信息显示
  • 放入我的书架
  • 预约/预借图书
  • 作者相关作品
  • 分类相关作品
  • 丛书相关作品
  • 出版社相关作品

书目信息

  • 表格格式
  • 工作单格式
  • 卡片格式
题名:
西南少数民族银铜工艺文化保护与利用调查研究
    
 
作者: 张建世 著
分册:  
出版信息: 北京   民族出版社  2013
页数: 12,279页
开本: 21cm
丛书名:
单 册:
中图分类: J529
科图分类:
主题词: 少数民族--银--民间工艺--民族文化--保护--西南地区 , 少数民族--铜--民间工艺--民族文化--保护--西南地区 , 少数民族 , 银 , 民间工艺 , 民族文化 , 铜
电子资源:
ISBN: 978-7-105-12971-3
000 01216nam0 2200313 450
001 007011923
005 20140612095421.87
010    @a978-7-105-12971-3@dCNY32.00
100    @a20140123d2013 em y0chiy50 ea
101 0  @achi
102    @aCN@b110000
105    @aa z 000yy
106    @ar
200 1  @a西南少数民族银铜工艺文化保护与利用调查研究@9xi nan shao shu min zu yin tong gong yi wen hua bao hu yu li yong diao cha yan jiu@f张建世著
210    @a北京@c民族出版社@d2013
215    @a12,279页@c照片@d21cm
300    @a国家社科基金项目 西南民族大学优秀学术专著出版资助
330    @a本书共七章,内容包括:西南少数民族银铜工艺文化保护研究、四川凉山彝族银艺文化现状调查、贵州黔东南苗族银艺文化调查、贵州平寨水族银艺文化调查、西藏瓦寨村藏族银铜工艺文化调查、西藏昌都藏族铜佛像打制工艺文化调查、云南新华村白族银铜工艺文化调查等。
606 0  @a少数民族@x银@x民间工艺@x民族文化@x保护@y西南地区
606 0  @a少数民族@x铜@x民间工艺@x民族文化@x保护@y西南地区
606 0  @a少数民族
606 0  @a银
606 0  @a民间工艺
606 0  @a民族文化
606 0  @a铜
690    @aJ529@v5
701  0 @a张建世@9zhang jian shi@c(教授)@4著
801  0 @aCN@bNLC@c20140307
905    @b548900-03@dJ529@e367@f4
    
    西南少数民族银铜工艺文化保护与利用调查研究/张建世著.-北京:民族出版社,2013
    12,279页:照片;21cm
    国家社科基金项目 西南民族大学优秀学术专著出版资助
    
    ISBN 978-7-105-12971-3:CNY32.00
    本书共七章,内容包括:西南少数民族银铜工艺文化保护研究、四川凉山彝族银艺文化现状调查、贵州黔东南苗族银艺文化调查、贵州平寨水族银艺文化调查、西藏瓦寨村藏族银铜工艺文化调查、西藏昌都藏族铜佛像打制工艺文化调查、云南新华村白族银铜工艺文化调查等。
●
相关链接 在E读中查询图书 在五车中查询图书 在当当中查询图书 在豆瓣中查询图书


正题名:西南少数民族银铜工艺文化保护与利用调查研究     索取号:J529/367         预约/预借

序号 登录号 条形码 馆藏地/架位号 状态 备注
1 548900   205489005   第一样本阅览室/ [索取号:J529/367] 在馆    
2 548901   205489014   第一借阅区/ [索取号:J529/367] 在馆    
3 548902   205489023   第一借阅区/ [索取号:J529/367] 在馆    
4 548903   205489032   第一借阅区/ [索取号:J529/367] 在馆    
唐山师范学院图书馆 欢迎您!
大连网信软件有限公司© 版权所有